Vybrané poradenské směry : teorie a strategie / Viktor J. Drapela, Vladimír Hrabal a kol.
Record details
- ISBN: 80-7184-011-4
- Physical Description: 85 s.
- Edition: 1. vyd.
- Publisher: Praha : Karolinum, 1995
Search for related items by subject
| Subject: | poradenství psychologické techniky psychologie sociologie terapie psychologické poradenství sociální psychologie Strategie učebnice jako téma |
| Genre: | vysokoškolská skripta |
Available copies
- 1 of 1 copy available at Common Catalog SPOK.
Holds
- 0 current holds with 1 total copy.
Show Only Available Copies
| Location | Call Number / Copy Notes | Barcode | Shelving Location | Status | Due Date |
|---|---|---|---|---|---|
| Jabok Library | Psy-4.2/D | 424480033079 | Odborná literatura | Available | - |
| LDR | 02152cam a22006017a 4500 | ||
|---|---|---|---|
| 001 | 14506 | ||
| 003 | CZ-PrJAB | ||
| 005 | 20191127081809.0 | ||
| 007 | ta | ||
| 008 | 950925s1995 xr |||||r|||||||| ||cze|d | ||
| 015 | . | ‡acnb000093770 | |
| 020 | . | ‡a80-7184-011-4 | |
| 035 | . | ‡a(CZ PrSKC)000215414 | |
| 035 | . | ‡a(OCoLC)36603823 | |
| 040 | . | ‡aABD103 ‡bcze ‡cABD103 ‡dABD107 ‡dABD103 ‡dHKD001 ‡dABD113 ‡dABD005 ‡dABD001 ‡dABD006 | |
| 072 | 7. | ‡a159.9 ‡xPsychologie ‡2Konspekt ‡917 | |
| 245 | 0 | 0. | ‡aVybrané poradenské směry : ‡bteorie a strategie / ‡cViktor J. Drapela, Vladimír Hrabal a kol. |
| 250 | . | ‡a1. vyd. | |
| 260 | . | ‡aPraha : ‡bKarolinum, ‡c1995 | |
| 300 | . | ‡a85 s. | |
| 650 | 0 | 7. | ‡aporadenství ‡2czmesh |
| 650 | 0 | 7. | ‡apsychologické techniky ‡2czmesh |
| 650 | 0 | 7. | ‡apsychologie ‡7ph115948 ‡2czenas |
| 650 | 0 | 7. | ‡asociologie ‡7ph116198 ‡2czenas |
| 650 | 0 | 7. | ‡aterapie ‡7ph116435 ‡2czenas |
| 650 | 0 | 7. | ‡apsychologické poradenství ‡7ph124805 ‡2czenas |
| 650 | 0 | 7. | ‡asociální psychologie ‡7ph116212 ‡2czenas |
| 650 | 0 | 4. | ‡aStrategie |
| 650 | 0 | 7. | ‡aučebnice jako téma ‡2czmesh |
| 655 | 7. | ‡avysokoškolská skripta ‡7fd190824 ‡2czenas | |
| 700 | 1 | . | ‡aDrapela, Victor J., ‡d1922- ‡7jn19990218018 ‡4aut |
| 700 | 1 | . | ‡aHrabal, Vladimír, ‡d1945- ‡7jk01042574 ‡4aut |
| 710 | 2 | . | ‡aUniverzita Karlova. ‡bKatedra pedagogické a školní psychologie ‡7kn20010710657 |
| 910 | . | ‡aABG312 | |
| 995 | . | ‡aska | |
| 901 | . | ‡a14506 ‡bCZ PrSKC ‡c14506 ‡tbiblio | |